01048nam a2200193Ia 4500001001000000003001000010008004100020040002500061041001100086100001900097245006600116250001100182260006300193300002800256500021600284501011400500520021600614650002400830L230-5740IT-CnALBA170116s9999||||xx |||||||||||||| ||und|| aIT-CnALBAcIT-CnALBA aLATINO aBILLUART C. R. 0aSUMMA SUMMAE S. THOMAE. VOL. I. DE DEO UNO TRINO ET CREATORE  a2a ed. a MONDOVIbVESCOVILE TIPOG. EDITRICE c1903 [1° Ed.: n.d.] a376 p. (prefazione: 16) aDIO. ATTRIBUTI. ESISTENZA. NATURA. VISIONE. SCIENZA. PRESCIENZA VOLONTÀ PROVVIDENZA PREDESTINAZIONE CONDANNA DI DIO. MISTERO DELLA TRINITÀ. PROCESSIONI RELAZIONI. PERSONE DIVINE. MONDO CREATO. ANGELI. UOMO.  aSocietà San Paolo EM - Piazza San Paolo, 14 - 12051 ALBA (CN) (non commercial uses only) ® Copyright 2017 aDIO. ATTRIBUTI. ESISTENZA. NATURA. VISIONE. SCIENZA. PRESCIENZA VOLONTÀ PROVVIDENZA PREDESTINAZIONE CONDANNA DI DIO. MISTERO DELLA TRINITÀ. PROCESSIONI RELAZIONI. PERSONE DIVINE. MONDO CREATO. ANGELI. UOMO.  aDOGMATICA CRISTIANA